R žurnál : magazín priateľov a cestujúcich Košickej detskej historickej železnice.

Uložené v:
Podrobná bibliografia
Médium: Časopis
Jazyk:Slovak
Vydané: Košice : Detská železnica Košice, o.z., 2012-9999.
Témy:
Fyzický popis: zv. ; 30 cm.
Tagy: Pridať tag
Žiadne tagy, Buďte prvý kto otaguje tento záznam!

MARC

LEADER 00000nas a22000004a 4500
001 000461663
003 SVKKK
005 20150909141810.0
008 150318c20129999xo qr|p|||||||0|||b0slo|d
040 |a KE001  |b slo  |e AACR2 
041 0 |a slo 
044 |a xo  |c SK 
080 |a 625.1  |2 2011 
080 |a 656.2  |2 2011 
245 0 0 |a R žurnál :  |b magazín priateľov a cestujúcich Košickej detskej historickej železnice. 
246 3 3 |a R-žurnál 
246 3 3 |a Ržurnál 
246 3 3 |a R Žurnál 
260 |a Košice :  |b Detská železnica Košice, o.z.,  |c 2012-9999. 
300 |a zv. ;  |c 30 cm. 
310 |a 4x ročne 
362 0 |a Roč. 1, č. 1 (máj 2012)- 
500 |a Regionálne periodikum 
500 |a Podnázov od č. 1/2012: občasník priateľov a cestujúcich Košickej detskej historickej železnice 
500 |a Podnázov od č. 1/2014: magazín priateľov a cestujúcich Košickej detskej historickej železnice 
650 8 |a 625.1  |2 MDT 
650 8 |a 656.2  |2 MDT 
650 9 |a historické železnice  |2 SKP 
650 9 |a železničná doprava  |2 SKP 
650 9 |a časopisy záujmových združení a spolkov  |2 SKP 
910 |a KE001  |b C.9187 
998 |a SE 
090 |g CASOS  |k Sklad Zvonárska 19  |a C.9187  |j 246201  |i 2720311592  |s Zviazaný časopis 
090 |g CASOS  |k Sklad Zvonárska 19  |a C.9187  |j 248664  |i 2720396333  |s Zviazaný časopis 
090 |g CASOS  |k Študovňa časopisov  |a C.9187  |i 461663-70  |s Príručka / Študovňa 
090 |g CASOS  |k Študovňa časopisov  |a C.9187  |i 461663-80  |s Príručka / Študovňa